000 00482ntaaa2200193 4500
003 01
005 20251027202146.0
008 0714s1973 ag 01
040 _aAR-BaBN
_bspa
_cAR-BaBN
_eaacr
_dRIC
082 _a264.1000 P220
100 _aParker, William R
_920089
245 _aLa oración en la psicoterapia
250 _a1 ed.
260 _aMexico :
_bPaz-Mexico,
_c1969
300 _a234 p
650 _aoración
_91331
700 _aSt. Johns, Elaine
_920090
942 _cBK
999 _c16557
_d16557